| 000 | 00450nam a2200169 a 4500 | ||
|---|---|---|---|
| 001 | 3945 | ||
| 005 | 20140414131848.0 | ||
| 008 | 040131s19uu xx 00 eng d | ||
| 020 | _a0-7232-4613-0 | ||
| 050 |
_aM 398.8 _bM28 1999 |
||
| 100 | _aLe Mair, Henriette | ||
| 245 |
_aTraditional nursery rhymes / _cHenriette W. Le Mair. |
||
| 260 |
_aEngland : _bPenguin, _c1999. |
||
| 300 | _a127 p. ; cm. | ||
| 650 | _aNursery rhymes. | ||
| 999 |
_c110033 _d110033 |
||